000 00430nam a2200181Ia 4500
001 2481
005 20260306144810.0
008 260306t2012||||xx |||||||||||||| ||spa||
041 _aESP
082 _a616.891
_bK82
100 _aKriz, Jürgen
_eAUT
245 0 _aCorrientes fundamentales en psicoterapia
260 _c2012
300 _a410 páginas :
_c23 cm.
650 _aGEN
654 _aCPS
942 _cLIB
_dJUS
_fJUS
_2ddc
_n
999 _c2481
_d2481